[Event "AUT-chT2O 1617"]
[Site "Austria"]
[Date "2017.04.01"]
[Round "10.5"]
[White "Higatsberger, Michael"]
[Black "Ploner, Ferdinand"]
[Result "1-0"]
[WhiteElo "2159"]
[BlackElo "2199"]
[PlyCount "53"]
[EventDate "2016.10.15"]
[EventType "team-tourn"]
[EventRounds "11"]
[EventCountry "AUT"]
[SourceTitle "CBM 177 Extra"]
[Source "ChessBase"]
[SourceDate "2017.04.27"]
[SourceVersion "1"]
[SourceVersionDate "2017.04.27"]
[SourceQuality "1"]
[WhiteTeam "Austria"]
[BlackTeam "Hietzing"]
[WhiteTeamCountry "AUT"]
[BlackTeamCountry "AUT"]

1. e4 c6 2. d4 d5 3. e5 Bf5 4. h4 h5 5. Bd3 Bxd3 6. Qxd3 e6 7. Bg5 Be7 8. Nf3 c5 9. Bxe7 Nxe7 10. Qb5+ Qd7 11. Qxc5 Na6 12. Qa3 Qc6 13. c3 b5 14. 0-0 Rb8 15. Nbd2 Nc8 16. Rac1 Nc7 17. b3 Nb6 18. Rfe1 Kd7 19. Rc2 f6 20. Rec1 Rhc8 21. c4 bxc4 22. bxc4 Nxc4 23. Nxc4 Nb5 24. Qd3 dxc4 25. Qg6 Na3 26. Qxg7+ Ke8 27. exf6 1-0

[Event "AUT-chT 9697"]
[Site "Austria"]
[Date "1996.??.??"]
[Round "2"]
[White "Ploner, Ferdinand"]
[Black "Schieder, Andreas"]
[Result "1-0"]
[WhiteElo "2255"]
[BlackElo "2125"]
[PlyCount "79"]
[EventDate "1996.??.??"]
[EventType "team"]
[EventRounds "11"]
[EventCountry "AUT"]
[SourceTitle "CBM 057 Extra"]
[Source "ChessBase"]
[SourceDate "1997.05.01"]
[SourceVersion "1"]
[SourceVersionDate "1997.05.01"]
[SourceQuality "1"]

1. e4 e5 2. Nf3 Qe7 3. Bc4 d6 4. 0-0 Nf6 5. d4 Bg4 6. dxe5 dxe5 7. Qd3 h6 8. h3 Bxf3 9. Qxf3 c6 10. b3 Qc7 11. Bb2 Nbd7 12. a4 g5 13. Qf5 Rg8 14. Rd1 Be7 15. g4 0-0-0 16. Nd2 Ne8 17. Qxf7 Rg7 18. Qe6 Bf6 19. Ba3 h5 20. Be2 c5 21. Nc4 Kb8 22. Bb2 Rh7 23. Qf5 Rh6 24. Nxe5 Nd6 25. Rxd6 Qxd6 26. Rd1 Bxe5 27. Rxd6 Bxd6 28. Qxg5 Rhh8 29. Bxh8 Rxh8 30. Bb5 Ne5 31. Qf6 Nf3+ 32. Qxf3 Rf8 33. Qd3 Rd8 34. e5 Bc7 35. Qe3 hxg4 36. hxg4 c4 37. Bxc4 Bb6 38. Qh6 Bc5 39. Kg2 Rf8 40. f3 1-0

[Event "AUT-chT2O 9596"]
[Site "Austria"]
[Date "1995.??.??"]
[Round "2"]
[White "Schirmbeck, Hannes"]
[Black "Ploner, Ferdinand"]
[Result "0-1"]
[WhiteElo "2175"]
[BlackElo "2250"]
[PlyCount "60"]
[EventDate "1995.??.??"]
[EventType "team"]
[EventRounds "11"]
[EventCountry "AUT"]
[SourceTitle "EXT 1999"]
[Source "ChessBase"]
[SourceDate "1998.11.16"]
[SourceVersion "1"]
[SourceVersionDate "1998.11.16"]
[SourceQuality "1"]

1. e4 c6 2. d4 d5 3. Nc3 dxe4 4. Nxe4 Bf5 5. Bd3 Qxd4 6. Nf3 Qd8 7. Qe2 Bxe4 8. Bxe4 Nf6 9. 0-0 e6 10. Bf4 Nxe4 11. Qxe4 Qd5 12. Qe2 Be7 13. Ne5 Qd4 14. Qf3 0-0 15. Rad1 Qxb2 16. Qg3 Qxc2 17. Rd3 h5 18. h4 Bf6 19. Qf3 a5 20. Rc1 Qa4 21. Rc4 Qxa2 22. Rcd4 c5 23. Re4 c4 24. Nxc4 Nc6 25. Rd2 Qa1+ 26. Rd1 Qc3 27. Qxh5 Rad8 28. Rde1 Rd4 29. Nd6 Rxe4 30. Nxe4 Qxe1+ 0-1

[Event "AUT-chT2O 9596"]
[Site "Austria"]
[Date "1995.??.??"]
[Round "5"]
[White "Schwab, Rene"]
[Black "Ploner, Ferdinand"]
[Result "1-0"]
[WhiteElo "2270"]
[BlackElo "2250"]
[PlyCount "71"]
[EventDate "1995.??.??"]
[EventType "team"]
[EventRounds "11"]
[EventCountry "AUT"]
[SourceTitle "EXT 1999"]
[Source "ChessBase"]
[SourceDate "1998.11.16"]
[SourceVersion "1"]
[SourceVersionDate "1998.11.16"]
[SourceQuality "1"]

1. e4 c6 2. d4 d5 3. Nd2 dxe4 4. Nxe4 Bf5 5. Nc5 e5 6. Nxb7 Qxd4 7. Qxd4 exd4 8. Bd3 Bxd3 9. cxd3 Na6 10. Na5 Kd7 11. Nf3 Bb4+ 12. Bd2 Re8+ 13. Kd1 c5 14. Bxb4 Nxb4 15. Kd2 Nf6 16. a3 Na6 17. Rhe1 Kd6 18. Nc4+ Kd5 19. Ng5 Rhf8 20. Rxe8 Nxe8 21. Re1 Nd6 22. Re5+ Kc6 23. Na5+ Kb6 24. Rd5 Kc7 25. Re5 Kb6 26. Nc4+ Nxc4+ 27. dxc4 h6 28. Ne4 Kc6 29. Re7 Nc7 30. Nxc5 Kd6 31. Rd7+ Kc6 32. b4 Na6 33. Rd5 Nc7 34. Rxd4 a5 35. Nd7 Re8 36. b5+ 1-0

[Event "AUT-chT"]
[Site "Austria"]
[Date "1993.??.??"]
[Round "?"]
[White "Ploner, Ferdinand"]
[Black "Kranzl, Peter"]
[Result "0-1"]
[WhiteElo "2230"]
[BlackElo "2300"]
[PlyCount "70"]
[EventDate "1993.??.??"]
[EventType "team"]
[EventRounds "11"]
[EventCountry "AUT"]
[SourceTitle "TD"]
[Source "ChessBase"]
[SourceDate "1994.03.01"]
[SourceVersion "1"]
[SourceVersionDate "1994.03.01"]
[SourceQuality "1"]

1. e4 c6 2. Nc3 d5 3. Nf3 Bg4 4. h3 Bxf3 5. Qxf3 Nf6 6. exd5 cxd5 7. Bb5+ Nc6 8. 0-0 e6 9. Ne2 Qb6 10. Ba4 Be7 11. c3 0-0 12. d4 Rfc8 13. Re1 Qa5 14. Bc2 b5 15. Bd2 b4 16. a3 bxc3 17. Bxc3 Qb6 18. g4 g6 19. Rad1 Nd7 20. Nf4 Nf8 21. Ba4 Bg5 22. Ng2 Bh6 23. h4 Bg7 24. Qd3 Rab8 25. Kh1 Na5 26. Re2 Nc4 27. Bb4 Qd8 28. b3 Nd6 29. Bc5 Ne4 30. b4 a5 31. Rc1 Nd7 32. Bxd7 Qxd7 33. bxa5 Qa4 34. Rb1 Qxa5 35. Bb4 Qa7 0-1

[Event "AUT-chT"]
[Site "Austria"]
[Date "1991.??.??"]
[Round "?"]
[White "Wach, Markus"]
[Black "Ploner, Ferdinand"]
[Result "1-0"]
[WhiteElo "2250"]
[BlackElo "2230"]
[PlyCount "64"]
[EventDate "1991.??.??"]
[EventType "team"]
[EventRounds "13"]
[EventCountry "AUT"]
[SourceTitle "EXT 1997"]
[Source "ChessBase"]
[SourceDate "1996.11.15"]
[SourceVersion "1"]
[SourceVersionDate "1996.11.15"]
[SourceQuality "1"]

1. e4 c6 2. d4 d5 3. exd5 cxd5 4. c4 Nf6 5. Nc3 e6 6. Nf3 Be7 7. cxd5 Nxd5 8. Bc4 Nxc3 9. bxc3 0-0 10. Bd3 Nd7 11. 0-0 Nf6 12. Ne5 Qc7 13. Qf3 Bd7 14. Bf4 Bd6 15. c4 Bc6 16. Qe3 Ng4 17. Qg3 Nxe5 18. dxe5 Bc5 19. Qh4 g6 20. Bg5 Rfe8 21. Rfe1 Qa5 22. Bf6 Ba4 23. Re4 Qd2 24. Rae1 Bc6 25. R4e3 Rac8 26. Bf1 Bf8 27. Bg5 Qxa2 28. Rh3 h5 29. g4 Bc5 30. gxh5 gxh5 31. Ree3 Bxe3 32. Bxe3 Qc2 1-0